• 首页
  • 本馆介绍
  • 公告通知
  • 最新文献
  • 馆藏检索
  • 电子资源
  • 读者荐购
  • 参考咨询
  • CALIS
  • 我的图书馆
  • 登录
  • 详细信息显示
  • 放入我的书架
  • 预约/预借图书
  • 作者相关作品
  • 分类相关作品
  • 丛书相关作品
  • 出版社相关作品

书目信息

  • 表格格式
  • 工作单格式
  • 卡片格式
题名:
国际新视野
    
 
作者: 朱自强 , 徐德荣 主编
分册:  
出版信息: 济南   明天出版社  2025.06
页数: 297页
开本: 20cm
丛书名:
单 册:
中图分类: I106.8
科图分类:
主题词: 文学--世界
电子资源:
ISBN: 978-7-5708-1775-7
 
 
 
 
 
000 00701nam0 2200217 450
001 2656153932
005 20260615153849.91
010    @a978-7-5708-1775-7@dCNY68.00
100    @a20260615d2025 km y0chiy0120 ea
101 0  @achi
102    @aCN@b370000
200 1  @a国际新视野@AGuo Ji Xin Shi Ye@e儿童文学学术讲演集@f朱自强,徐德荣主编@FZhu Zi Qiang,Xu De Rong Zhu Bian
210    @a济南@c明天出版社@d2025.06
215    @a297页@d20cm
517 1  @a儿童文学学术讲演集@AEr Tong Wen Xue Xue Shu Jiang Yan Ji
606 0  @a文学@x世界
690    @aI106.8@v4
701  0 @a朱自强@AZhu Zi Qiang@4主编
701  0 @a徐德荣@AXu De Rong@4主编
801  0 @aCN@b河南城建学院图书馆@c20260615
905    @dI106.8@eZ8951
    
    国际新视野:儿童文学学术讲演集/朱自强,徐德荣主编.-济南:明天出版社,2025.06
    297页;20cm
    
    
    ISBN 978-7-5708-1775-7:CNY68.00
    
●
相关链接 在E读中查询图书 在当当中查询图书 在豆瓣中查询图书


正题名:国际新视野     索取号:I106.8/Z8951         预约/预借

序号 登录号 条形码 馆藏地/架位号 状态 备注
1 1556982   215569828   外国语学院资料室/ [索取号:I106.8/Z8951] 在馆    
河南城建学院图书馆 欢迎您!
大连网信软件有限公司© 版权所有